| 000 | 00439nam a2200181Ia 4500 | ||
|---|---|---|---|
| 001 | 4778 | ||
| 005 | 20260306145820.0 | ||
| 008 | 260306t2005||||xx |||||||||||||| ||spa|| | ||
| 041 | _aESP | ||
| 082 |
_a330.07 _bI37 |
||
| 100 |
_aBarrantes, Roxana _eAUT |
||
| 245 | 0 | _aLa investigación económica y social en el Perú | |
| 260 | _c2005 | ||
| 300 |
_a270 páginas : _ccm. |
||
| 650 | _aGEN | ||
| 654 | _aCAN | ||
| 942 |
_cLIB _dJUS _fJUS _2ddc _n |
||
| 999 |
_c4778 _d4778 |
||